|
|
|
|
| LEADER |
00761nam a22002292a 4500 |
| 001 |
000960261 |
| 003 |
CZ BrMZK |
| 005 |
20100222132728.0 |
| 007 |
ta |
| 008 |
090812s1963 ru er|||||||||||rus d |
| 040 |
|
|
|a ABA001
|b cze
|d BOA001
|
| 041 |
1 |
|
|a rus
|h eng
|
| 100 |
1 |
|
|a Bradbury, Ray,
|d 1920-2012
|7 jn19990001008
|4 aut
|
| 245 |
1 |
0 |
|a Fantastika Reja Bredberi /
|c Ray Bradbury ; perevod s anglij. L. Ždanova ; sost. K. Andrejev
|
| 260 |
|
|
|a Moskva :
|b Znanije,
|c 1963
|
| 300 |
|
|
|a 218 s.
|
| 700 |
1 |
|
|a Andrejev, Kirill Konstantinovič,
|d 1906-1968
|7 mzk2010508371
|4 com
|
| 700 |
1 |
|
|a Ždanov, A.
|4 trl
|
| 910 |
|
|
|a BOA001
|b 1-0510.737
|
| 990 |
|
|
|a BK
|
| 991 |
|
|
|b 200908
|
| 996 |
7 |
|
|b 2619447139
|c 1-0510.737
|l MZK
|r Sklad / do 1 hodiny
|n 2
|w 001093248
|u 000010
|a 1
|e BOA001
|j MZK50
|s A
|